000 01649cam a2200133 4500500
005 20260405085601.0
041 _afre
042 _adc
100 1 0 _aPasteur, Paul
_eauthor
245 0 0 _aHistoire de l'Autriche : De l'empire multinational à la nation autrichienne (18e-20e s.)
260 _bArmand Colin,
_c2011.
520 _aL’Autriche ? Ce terme renvoie à un territoire à géométrie variable, de la monarchie des Habsbourg à l’actuelle petite république alpine. Vue également à travers ses célébrités, de Marie-Thérèse à Sigmund Freud, son image est déformée, idéalisée avec ses valses, Sissi ou la Vienne fin de siècle mais aussi souvent diabolisée : prison des peuples, regroupement d’antisémites et d’anciens nazis notoires. Le présent ouvrage veut prendre en considération plusieurs histoires : celle de l’empire multinational et de ses différentes composantes, le processus de mise en place d’un État moderne, d’un État de Droit puis d’un État constitutionnel, cela dans un rapport toujours difficile à la démocratie. Se dégageant des représentations diverses pouvant imprégner l’inconscient collectif, l’auteur présente les résultats des recherches récentes en matière d’histoire économique, d’histoire politique, d’histoire sociale et d’histoire du genre, ce qui lui permet ainsi de mieux revenir sur les permanences et les contradictions de l’histoire de ce pays. Paul PASTEUR est professeur d’histoire contemporaine à l’Université de Rouen.
856 4 1 _uhttps://shs.cairn.info/histoire-de-l-autriche--9782200355906?lang=fr&redirect-ssocas=7080
999 _c2198734
_d2198734